| 000 | 00535cam a2200181ua 4500 | ||
|---|---|---|---|
| 020 | _cRs 75.00 | ||
| 041 |
_aeng _h |
||
| 082 |
_a028.71627 _bWIL/HA |
||
| 100 | _aWilliams Kay, Harace . | ||
| 245 |
_aHandbook of hydraulics for the solution of hydrostatic and fluid flow problems / _cHerace Williams Kay. _hTextual Documents |
||
| 260 |
_aNew York : _bMcGraw Hill Book Company , _c1971. |
||
| 300 | _a890 ; . | ||
| 365 | _aRs 75.00 | ||
| 504 | _a | ||
| 700 | 1 | _aBrater, Ernerst F . | |
| 942 | _cBK | ||
| 999 |
_c3856 _d3856 |
||